000 00682nab a2200205 4500
001 244442
003 OSt
005 20260209140515.0
007 tu
008 260209s2020|||||||
040 _aDE-2950
_cDE-2950
245 0 0 _aNeue Pfarrerin angekommen
_bPersonalie. Anna Seidel hat zu Jahresbeginn die vakante dritte Pfarrstelle in der Evangelischen Kirchengemeinde Frankfurt-Lebus übernommen/
_cInes Weber-Rath
264 _c2025
653 _aFrankfurt (Oder)
653 _aEvangelische Kirchengemeinde
653 _aAnna Seidel
653 _aBrieger Gänse
773 0 _g37. Jahrgang (2026) Nr. 30 vom 05.02.2026 , S. 14 mit Foto
_tMärkische Oderzeitung
942 _2z
_cA
999 _c374283
_d374283